8 Countries That Border Serbia Quiz Stats

 Plays Quiz Updated Jun 10, 2018

Challenge
Share
Tweet
Embed
Score 0/8 Timer 01:00
3 Plays Today
% Correct
Bosnia and Herzegovina
88.6%
Croatia
83%
Kosovo
82%
Montenegro
79.3%
Macedonia
72.7%
Bulgaria
61.7%
Romania
58.5%
Hungary
55.3%

You're not logged in!

Compare scores with friends on all Sporcle quizzes.
Join for Free
OR
Log In

You Might Also Like...

Show Comments

Extras

Top Quizzes Today


Score Distribution

Your Account Isn't Verified!

In order to create a playlist on Sporcle, you need to verify the email address you used during registration. Go to your Sporcle Settings to finish the process.

Report this User

Report this user for behavior that violates our Community Guidelines.

Details: